MARC details
| 000 -LEADER |
| fixed length control field |
02811cam a2200565 i 4500 |
| 001 - CONTROL NUMBER |
| control field |
200468175 |
| 003 - CONTROL NUMBER IDENTIFIER |
| control field |
TR-AnTOB |
| 005 - DATE AND TIME OF LATEST TRANSACTION |
| control field |
20260417121041.0 |
| 007 - PHYSICAL DESCRIPTION FIXED FIELD--GENERAL INFORMATION |
| fixed length control field |
ta |
| 008 - FIXED-LENGTH DATA ELEMENTS--GENERAL INFORMATION |
| fixed length control field |
820221t19621962nyu b 000 0 eng |
| 010 ## - LIBRARY OF CONGRESS CONTROL NUMBER |
| LC control number |
62009499 |
| 016 7# - NATIONAL BIBLIOGRAPHIC AGENCY CONTROL NUMBER |
| Record control number |
56620940R |
| Source |
DNLM |
|
| Record control number |
(AMICUS)000004097036 |
|
| Record control number |
000491923 |
| Source |
Uk |
| 035 ## - SYSTEM CONTROL NUMBER |
| System control number |
(CLU)6089698-ucladb-Voyager |
|
| System control number |
(OCoLC)14626046 |
| Canceled/invalid control number |
(OCoLC)270616 |
| -- |
(OCoLC)7436047 |
| -- |
(OCoLC)10414962 |
| -- |
(OCoLC)976699159 |
| -- |
(OCoLC)988687099 |
| -- |
(OCoLC)1019177094 |
| -- |
(OCoLC)1034960493 |
| -- |
(OCoLC)1045735539 |
| -- |
(OCoLC)1054230816 |
| -- |
(OCoLC)1062979776 |
| -- |
(OCoLC)1081545412 |
| -- |
(OCoLC)1083392625 |
| -- |
(OCoLC)1085943582 |
| -- |
(OCoLC)1098828346 |
| -- |
(OCoLC)1181399531 |
| -- |
(OCoLC)1197976345 |
| -- |
(OCoLC)1200998168 |
| -- |
(OCoLC)1204454023 |
|
| System control number |
(OCoLC)ocm14626046 |
|
| System control number |
(EXLNZ-01UCS_NETWORK)9913142688206531 |
|
| System control number |
(TR-AnTOB)200468175 |
| 040 ## - CATALOGING SOURCE |
| Original cataloging agency |
NLM |
| Language of cataloging |
eng |
| Description conventions |
rda |
| Transcribing agency |
NLM |
| Modifying agency |
SNU |
| -- |
INU |
| -- |
DLC |
| -- |
BTCTA |
| -- |
P4I |
| -- |
OCLCF |
| -- |
OCLCO |
| -- |
OCLCQ |
| -- |
OCLCO |
| -- |
NLC |
| -- |
OCLCA |
| -- |
OCLCQ |
| -- |
OCLCA |
| -- |
UKMGB |
| -- |
EZC |
| -- |
HUELT |
| -- |
BRX |
| -- |
RULBL |
| -- |
OCLCO |
| -- |
CBA |
| -- |
OCLCO |
| -- |
BUF |
| -- |
YBM |
| -- |
OCLCO |
| -- |
ELZ |
| -- |
OCLCO |
| -- |
OCL |
| -- |
OCLCO |
| -- |
UOO |
| -- |
OCLCO |
| -- |
OCL |
| -- |
YBM |
| -- |
OCLCO |
| -- |
J9U |
| -- |
OCLCO |
| -- |
OCLCL |
| -- |
OCLCQ |
| -- |
OCLCL |
| -- |
TR-AnTOB |
| 041 0# - LANGUAGE CODE |
| Language code of text/sound track or separate title |
İngilizce |
| 043 ## - GEOGRAPHIC AREA CODE |
| Geographic area code |
n-us-pa |
| 050 14 - LIBRARY OF CONGRESS CALL NUMBER |
| Classification number |
PS1134 |
| Item number |
.A78 1962 |
| 080 ## - UNIVERSAL DECIMAL CLASSIFICATION NUMBER |
| Universal Decimal Classification number |
820(73)-311.4 |
| 090 ## - LOCALLY ASSIGNED LC-TYPE CALL NUMBER (OCLC); LOCAL CALL NUMBER (RLIN) |
| Classification number (OCLC) (R) ; Classification number, CALL (RLIN) (NR) |
PS1134 |
| Local cutter number (OCLC) ; Book number/undivided call number, CALL (RLIN) |
.A78 1962 |
| 100 1# - MAIN ENTRY--PERSONAL NAME |
| Personal name |
Brown, Charles Brockden, |
| Dates associated with a name |
1771-1810 |
| Relator term |
author |
| Relator code |
aut |
| 9 (RLIN) |
153760 |
| 245 10 - TITLE STATEMENT |
| Title |
Arthur Mervyn; or, Memoirs of the year 1793 / |
| Statement of responsibility, etc. |
Charles Brockden Brown ; edited with an introduction by Warner Berthoff. |
| 246 10 - VARYING FORM OF TITLE |
| Title proper/short title |
Memoirs of the year 1793 |
| 264 #1 - PRODUCTION, PUBLICATION, DISTRIBUTION, MANUFACTURE, AND COPYRIGHT NOTICE |
| Place of production, publication, distribution, manufacture |
New York : |
| Name of producer, publisher, distributor, manufacturer |
Holt, Rinehart, and Winston, |
| Date of production, publication, distribution, manufacture, or copyright notice |
1962. |
|
| Date of production, publication, distribution, manufacture, or copyright notice |
©1962 |
| 300 ## - PHYSICAL DESCRIPTION |
| Extent |
xxvii, 430 pages ; |
| Dimensions |
21 cm |
| 336 ## - CONTENT TYPE |
| Content type term |
text |
| Content type code |
txt |
| Source |
rdacontent |
| 337 ## - MEDIA TYPE |
| Media type term |
unmediated |
| Media type code |
n |
| Source |
rdamedia |
| 338 ## - CARRIER TYPE |
| Carrier type term |
volume |
| Carrier type code |
nc |
| Source |
rdacarrier |
| 340 ## - PHYSICAL MEDIUM |
| Book format |
8vo. |
| Source |
rdabf |
| 490 0# - SERIES STATEMENT |
| Series statement |
Rinehart editions ; |
| Volume/sequential designation |
112 |
| 504 ## - BIBLIOGRAPHY, ETC. NOTE |
| Bibliography, etc. note |
Includes bibliographical references. |
| 520 ## - SUMMARY, ETC. |
| Summary, etc. |
Set during the epic Philadelphia yellow fever epidemic of 1793, Charles Brockden Brown's classic gothic novel Arthur Mervyn; or, Memoirs of the Year 1793 connects the outbreak with the upheavals of the revolutionary era and the murderous financial networks of Atlantic slavery. |
| 650 #0 - SUBJECT ADDED ENTRY--TOPICAL TERM |
| Topical term or geographic name entry element |
Yellow fever |
| Form subdivision |
Fiction |
| 9 (RLIN) |
153761 |
|
| Topical term or geographic name entry element |
Murderers |
| Form subdivision |
Fiction |
| 9 (RLIN) |
5089 |
|
| Topical term or geographic name entry element |
Young men |
| Form subdivision |
Fiction |
| 9 (RLIN) |
5168 |
| 651 #0 - SUBJECT ADDED ENTRY--GEOGRAPHIC NAME |
| Geographic name |
Philadelphia (Pa.) |
| Form subdivision |
Fiction |
| 9 (RLIN) |
5621 |
| 655 #7 - INDEX TERM--GENRE/FORM |
| Genre/form data or focus term |
Psychological fiction |
| Source of term |
lcgft |
| Authority record control number |
http://id.loc.gov/authorities/genreForms/gf2014026492 |
| 9 (RLIN) |
5034 |
|
| Genre/form data or focus term |
Horror fiction |
| Source of term |
lcgft |
| Authority record control number |
http://id.loc.gov/authorities/genreForms/gf2014026373 |
| 9 (RLIN) |
153762 |
|
| Genre/form data or focus term |
Fiction |
| Source of term |
lcgft |
| Authority record control number |
https://id.loc.gov/authorities/genreForms/gf2014026339 |
| 9 (RLIN) |
151487 |
| 700 1# - ADDED ENTRY--PERSONAL NAME |
| Personal name |
Berthoff, Warner |
| Relator term |
editor |
| Relator code |
edt |
| Relator term |
writer of introduction |
| Relator code |
win |
| 9 (RLIN) |
153505 |
| 942 ## - ADDED ENTRY ELEMENTS (KOHA) |
| Source of classification or shelving scheme |
Library of Congress Classification |
| Koha item type |
Book |